La Vid : Normas para su plantación : Divulgación agrícola Normas para su plantación :
Descripción Física:
31 p. : il. ; 21 cm
Materias:
Viticultura
MARC
| LEADER | 00000nam a2200000Ia 4500 | ||
|---|---|---|---|
| 001 | 8656 | ||
| 008 | 160829s1941 xx 000 0 cat d | ||
| 080 | |a FU-8-54 | ||
| 245 | |a La Vid : |b Normas para su plantación : |b Divulgación agrícola | ||
| 260 | |a Barcelona : |b Diputación Provincial. Servicios Técnicos de Agricultura, |c 1941 | ||
| 300 | |a 31 p. : |b il. ; |c 21 cm | ||
| 490 | |a Publicaciones divulgadoras de los Servicios Técnicos de Agricultura ; 1 | ||
| 650 | 0 | |a Viticultura |9 20101 | |
| 710 | 1 | |a Barcelona (Catalunya : Província). |b Servicios Técnicos de Agricultura |9 54614 | |
| 856 | 4 | |u https://media.diba.cat/diba/fitxers/arxiu/fulletons/bib_8656_baixa.pdf |y Accés lliure | |
| 856 | 4 | |u https://media.diba.cat/diba/fitxers/arxiu/fulletons/bib_8656_baixa.pdf |y Accés lliure | |
| 901 | |a Arxiu | ||
| 942 | |n 1 |2 udc | ||
| 952 | |0 0 |1 0 |4 0 |6 FU854 |7 1 |9 41940 |a Arxiu |b Arxiu |d 2016-12-01 |l 0 |o FU-8-54 |p 8656 |r 2016-12-01 00:00:00 |w 2016-12-01 |y ARXIU | ||
| 999 | |c 44387 |d 44387 | ||
| 900 | |a bib_8656_baixa.pdf | ||